000 00823nam a2200205 a 4500
003 0
005 20250625111643.0
008 030604s19uu xx 00 eng d
050 _aPHS HQ 35
_b.L37 1998
100 _aLapira, Arman A.
245 _aPerception of teenagers in the Parañaque-Las Piñas area on the morality of pre-marital sex /
_cArman A. Lapira.
260 _aLas Piñas City, Philippines :
_bSouthville International School and Colleges,
_c1998.
300 _aunnumbered pages :
_billustrations ;
_c29 cm.
504 _aIncludes bibliographical references.
650 _aPremarital sex
_xMoral and ethical aspects.
650 _aTeenagers
_xAttitudes
_zPhilippines
_zParañaque.
650 _aTeenagers
_xAttitudes
_zPhilippines
_zLas Piñas.
650 _aSex
_xMoral and ethical aspects.
942 _2lcc
_cPASS
999 _c96942
_d96942